Gaming Quiz

Random Gaming or Pokémon Quiz
Score 0/60 Timer 07:00
4 Plays Today
Times Used Pokémon % Correct
37Pikachu
76.2%
40Pidgey
72.5%
50Rattata
71.2%
19Caterpie
63%
73Geodude
62.6%
71Zubat
60.6%
78Koffing
56.9%
40Magikarp
55.6%
17Pidgeotto
51.5%
27Raticate
50.7%
17Ekans
49.4%
20Spearow
45.8%
40Onix
45.8%
39Golbat
44.4%
24Weezing
42.2%
21Oddish
41.7%
60Machop
41.4%
20Graveler
40.1%
51Goldeen
39.1%
35Gastly
37.8%
28Bellsprout
37.7%
42Tentacool
36.2%
28Grimer
36.1%
24Voltorb
35.8%
16Fearow
35.7%
18Growlithe
34.5%
45Magnemite
33.9%
20Haunter
33.5%
44Machoke
33.2%
24Staryu
32.4%
Times Used Pokémon % Correct
47Gyarados
32.1%
15Sandshrew
30.3%
39Kadabra
28.2%
19Clefairy
27.6%
27Seaking
26.8%
16Tentacruel
25.9%
18Ponyta
25.7%
30Horsea
24.4%
17Zigzagoon
22.8%
16Electrode
22.7%
17Drowzee
21.4%
15Poliwag
21.4%
17Slowpoke
19.3%
18Poochyena
17.6%
19Shellder
15.7%
22Wurmple
15.4%
32Wingull
11.4%
17Mr. Mime
10.3%
29Numel
8.7%
15Golduck
8%
34Marill
7%
36Carvanha
6.8%
21Pelipper
6.2%
22Roselia
5.5%
22Wailmer
5%
18Glameow
4.5%
15Stunky
4.4%
20Meditite
3.4%
15Bronzor
3%
19Croagunk
2.2%

You're not logged in!

Compare scores with friends on all Sporcle quizzes.
OR
Log In

Sporcle TV

Today on Sporcle TV


Watch our educational content, quiz creation guides, and fun videos on Sporcle TV.

Show Comments

Extras

Top Quizzes Today


Score Distribution

Paid Content

Your Account Isn't Verified!

In order to create a playlist on Sporcle, you need to verify the email address you used during registration. Go to your Sporcle Settings to finish the process.

Report this User

Report this user for behavior that violates our Community Guidelines.

Details: